Koučovanie - nástroj rozvoja a vedenia ľudských zdrojov bakalárska práca

Salvato in:
Dettagli Bibliografici
Autore principale: Fedorková, Marianna
Ente Autore: Fakulta podnikového manažmentu EU. Katedra manažmentu
Altri autori: Kováčiková, Kristína
Natura: Libro
Lingua:slovacco
Pubblicazione: Bratislava 2018
Tags: Aggiungi Tag
Nessun Tag, puoi essere il primo ad aggiungerne!!

MARC

LEADER 00000nbm a2200000 4500
001 0244835
005 20180918144121.1
041 0 |a slo 
044 |a SK 
245 1 0 |a Koučovanie - nástroj rozvoja a vedenia ľudských zdrojov  |b bakalárska práca  |c Marianna Fedorková ; školiteľ: Kristína Kováčiková 
264 1 |a Bratislava  |c 2018 
300 |a 43 s. 
100 1 |a Fedorková, Marianna 
700 1 |a Kováčiková, Kristína 
710 2 |a Fakulta podnikového manažmentu EU. Katedra manažmentu